Statistics for Countries Ending In IA

Click here to take the quiz!

General Stats

  • This quiz has been taken 24 times
  • The average score is 32 of 39

Answer Stats

Country% Correct
Armenia
95%
Russia
95%
Algeria
91%
Australia
91%
Bulgaria
91%
Indonesia
91%
Namibia
91%
Romania
91%
Slovakia
91%
Slovenia
91%
Austria
86%
Bolivia
86%
Cambodia
86%
Colombia
86%
Ethiopia
86%
India
86%
Latvia
86%
Lithuania
86%
Mauritania
86%
Mongolia
86%
Somalia
86%
Syria
86%
Zambia
86%
Albania
82%
Estonia
82%
Liberia
82%
Malaysia
82%
Nigeria
82%
Saudi Arabia
82%
Serbia
82%
The Gambia
82%
Tunisia
82%
Georgia
77%
Tanzania
77%
Croatia
73%
North Macedonia
73%
St Lucia
59%
Czechia
50%
Micronesia
50%

Score Distribution

Percentile by Number Answered

Percent of People with Each Score

Your Score History

You have not taken this quiz